000 00664nam a2200217 i 4500
001 125357
003 ES-MaACL
005 20250828061922.0
007 t|
008 070606q19151925sp ||||1| spa d
080 _a37:613.88
100 1 _aJuarros, César.
_967171
245 1 0 _aNormas de educación sexual y física /
_cpor el doctor César Juarros.
260 _aMadrid :
_bRenacimiento,
_c[entre 1915 y 1925]
300 _a253 p. ;
_c18 cm.
490 1 _aLa salud de nuestros hijos ;
_vIX
650 7 _aEducación sexual
_2embne
_912121
830 0 _aLa salud de nuestros hijos ;
_vIX
_9186632
852 _aES-MaACL
_jF-694
999 _c125357
_d125357